01437nam a22003257a 4500003000400000005001700004008004100021040002200062082001800084100003000102245003000132260006000162300002100222366000800243490002900251505009200280505015700372505001200529650006000541650005200601650005300653650004300706650004500749650005600794650004700850700003600897942002900933999001500962952013400977OSt20230621101307.0221006b |||||||| |||| 00| 0 eng d cBiblioteca Lado V a709.05bG851a 9855aGriffin, Timeeditor aArtforum/bInternacional/ aNew Yorkc2010bNew York editorial and business offices c26.5x27cma228p. espa aFebrerov2010x0864-1315 tCOLUMNSaEDITOR'S LETTER: AVATAR PASSAGES FILM MEDIA PERFORMANCE CURATING TOP TEN tFEATURESgTERRA INCOGNITA 1000 WORDS THE USES OF DISORDER: THE ART OF FELIX GONZALES-TORRES SIGNAL TO NOISE PRIMAL SIBLINGS OPENINGS: LESLIE HEWITT tREVIEWS 2Tesauro de Arte & ArquitecturaaARTE COMTEMPORANEO9703 2Tesauro de Arte & ArquitecturaaFOTOGRAFIA9702 2Tesauro de Arte & ArquitecturaaARTE VISUAL9702 2Tesauro de Arte & ArquitecturaaLIBROS 2Tesauro de Arte & ArquitecturaaNOTICIAS 2 Tesauro de Arte & ArquitecturaaARTE INTERNACIONAL 2 Tesauro de Arte & ArquitecturaaESCULTURA aNavarreta, Jose Antonioeeditor 2ddcc1h709.05iG851an0 c3891d3891 00102ddc3201040708RevistasaLVbLVd2023-06-21hFebreroi002559l0o709.05 G851ap002559r2023-06-21 00:00:00w2023-06-21y1